000
00287nam a2200109Ia 4500
008
220616s9999||||xx |||||||||||||| ||und||
245
0
_a
Handbook of Applied System Science
546
_a
English[eng]
650
_a
applied system science||sociology
700
_a
Neal, Zachary
942
_c
EB
999
_c
19942
_d
19942